Τεχνολογίες πληροφοριών και επικοινωνιών στην εκπαίδευση στην Ευρωπαϊκή Ένωση και στην Ελλάδα
Αποθηκεύτηκε σε:
| Κύριος συγγραφέας: | |
|---|---|
| Συγγραφή απο Οργανισμό/Αρχή: | |
| Μορφή: | Thesis Βιβλίο |
| Γλώσσα: | Greek |
| Δημοσίευση: |
2016.
|
| Θέματα: | |
| Διαθέσιμο Online: | http://hdl.handle.net/11610/22410 |
| Ετικέτες: |
Προσθήκη ετικέτας
Δεν υπάρχουν, Καταχωρήστε ετικέτα πρώτοι!
|
MARC
| LEADER | 00000cam a2200000 a 4500 | ||
|---|---|---|---|
| 001 | 1/112186 | ||
| 008 | 161012s2016####gr | ||| |||| ||gre|| | ||
| 040 | |a GR-MyUa |b gre |c GR-MyUa |e AACR2 | ||
| 041 | 0 | |a gre | |
| 082 | 7 | |a 371.33 |2 (23) | |
| 100 | 1 | |a Τσιμναδής, Δημήτρης. | |
| 245 | 1 | 0 | |a Τεχνολογίες πληροφοριών και επικοινωνιών στην εκπαίδευση στην Ευρωπαϊκή Ένωση και στην Ελλάδα / |c Τσιμναδής Δημήτρης ; επιβλέπων καθηγητής Μητσός Αχιλλέας. |
| 260 | |c 2016. | ||
| 300 | |a 76 σ. : |b εικ. ; πιν. ; |c 29 εκ. | ||
| 502 | |a Διατριβή (μεταπτυχιακή) - Πανεπιστήμιο Αιγαίου, Λέσβος, 2016. | ||
| 504 | |a Βιβλιογραφία: σ. 75-76. | ||
| 506 | 0 | |a Ηλεκτρονική διάθεση στο πλήρες κείμενο - ελεύθερης πρόσβασης. | |
| 650 | 0 | |a Educational technology. | |
| 650 | 0 | |a Computer-assisted instruction. | |
| 650 | 0 | |a Audio-visual education. | |
| 650 | 0 | |a Teaching |x Audio-visual aids. | |
| 700 | 1 | |a Μητσός, Αχιλλέας, |d 1947- |e dgs | |
| 710 | 2 | |a Πανεπιστήμιο Αιγαίου. |b Σχολή Κοινωνικών Επιστημών. |b Τμήμα Κοινωνιολογίας. |b Μεταπτυχιακό Πρόγραμμα Σπουδών Ευρωπαϊκές Κοινωνίες και Ευρωπαϊκή Ολοκλήρωση. | |
| 852 | |a INST |b LESVOS |c DIATR |e 20161012 |h 111 |p 005100057257 |q 005100057257 |t MTXE |y 23 | ||
| 856 | |u http://hdl.handle.net/11610/22410 | ||
| 924 | |a Τσιμναδής |b Δημήτρης |y Λέσβος |z 2016-05 | ||
| 970 | |a Πατσή |b Ανθίππη |z 12-10-2016 | ||